banner-ar

اخطاء يجب ان تصحح فى التاريخ جزيرة العرب الجزء الاول سيرة هود وصالح وشعيب وسليمان علم السلام واصحاب الاهدود واصحاب الحنبل / (Record no. 56059)

MARC details
000 -الفاتح
حقل البيانات ثابتة الطول 00906nam a2200205Ia 4500
008 - عناصر البيانات ثابتة الطول - معلومات عامة
حقل البيانات ثابتة الطول 140319s9999 xx 000 0 ara d
040 ## - مصدر الفهرسة
وكالة الفهرسة الأصلية GCL /
وكالة النسخ GCL
082 04 - رقم تصنيف ديوى العشرى
رقم التصنيف 229.5
رقم المادة ح ا
100 1# - المدخل الرئيسى - إسم شخصى
الإسم الشخصى وفاء محمد رفعت جمعة
245 10 - بيان العنوان
العنوان اخطاء يجب ان تصحح فى التاريخ جزيرة العرب الجزء الاول سيرة هود وصالح وشعيب وسليمان علم السلام واصحاب الاهدود واصحاب الحنبل /
بيان المسئوليه,etc وفاء محمد رفعت جمعة
700 1# - المدخل الاضافى - اسم شخصى
الإسم الشخصى وفاء محمد ابراهيم
700 1# - المدخل الاضافى - اسم شخصى
الإسم الشخصى جمال عبدالهادى محمد مسعود
260 ## - PUBLICATION, DISTRIBUTION, ETC. (IMPRINT)
تاريخ النشر أو التوزيع 1990
300 ## - الوصف المادى
التعداد 237 ص
490 ## - بيان السلسلة
عنوان السلسلة نحو تاصيل اسلامى للتاريخ
رقم المجلد/ التعيين التسلسلي 0
650 04 - المدخل الاضافى بالموضوع-مصطلح موضوعى
مصطلح موضوعي التاريخ الاسلامى
650 04 - المدخل الاضافى بالموضوع-مصطلح موضوعى
مصطلح موضوعي القصص القرآنية
942 ## - عناصر المدخل الإضافي( كوها)
مصدر التصنيف او مخطط الترفيف Dewey Decimal Classification
Koha [default] item type كتاب
260 ## - PUBLICATION, DISTRIBUTION, ETC. (IMPRINT)
-- [S.N] :
-- الوفاء للطباعة والنشر ،
Holdings
حالة التراجع حالة الفقد حالة تلف ليس للاعارة المكان المؤقت الموقع الحالى تاريخ الاكتساب اجمالي اﻻعارات رقم الطلب الباركود تاريخ اخر مشاهدة تاريخ تفعيل السعر نوع وعاء كوها
        مكتبة القاهرة الكبرى مكتبة القاهرة الكبرى 03/26/2014   229.5\ح ا 134454 03/26/2014 03/26/2014 كتاب
        مكتبة القاهرة الكبرى مكتبة القاهرة الكبرى 03/26/2014   229.5\ح ا 134455 03/26/2014 03/26/2014 كتاب

Powered By

EGPV